00491nam a22001217a 4500003000500000005001700005008004100022050002200063245014200085260005000227300004100277500005100318SISC20160830162600.0160830b xxu||||| |||| 00| 0 eng d aHQ 35b.Se91 2000 aSex-talk with kids & teens :btraining parents as educators on the truth & meaning of human sexuality /cMarlon C. Ramirez, Chief Editor. aQuezon City :bECFL-CBCP and HLI-Asia,c2000. a255 pages :billustrations ;c29 cm. aIncludes bibliographical references and index.